Fr. Conceicao Rodrigues College of Engineering

Unix Users handbook (Record no. 24965)

MARC details
000 -LEADER
fixed length control field 00277nam a2200133Ia 4500
100 ## - MAIN ENTRY--PERSONAL NAME
Personal name Parkar/ Tim
245 ## - TITLE STATEMENT
Title Unix Users handbook
260 ## - PUBLICATION, DISTRIBUTION, ETC.
Name of publisher, distributor, etc. Galgotia
Place of publication, distribution, etc. New Delhi
Date of publication, distribution, etc. 1993
300 ## - PHYSICAL DESCRIPTION
Extent 574
546 ## - LANGUAGE NOTE
Language note ENGLISH
654 ## - SUBJECT ADDED ENTRY--FACETED TOPICAL TERMS
Focus term Unix programming
942 ## - ADDED ENTRY ELEMENTS (KOHA)
Koha item type BOOK
Holdings
Withdrawn status Lost status Damaged status Not for loan Collection Home library Current library Shelving location Date acquired Source of acquisition Cost, normal purchase price Total Checkouts Full call number Barcode Date last seen Cost, replacement price Price effective from Koha item type
        CRC Fr. Agnel's C.Rodrigues College of Engineering Fr. Agnel's C.Rodrigues College of Engineering   17/03/2023 global books 250.00   5364 17/03/2023 250.00 17/03/2023 BOOK